| 000 | 00361nam a2200133Ia 4500 | ||
|---|---|---|---|
| 008 | 231129s1996||||xx |||||||||||||| ||spa|| | ||
| 040 | _bspa | ||
| 082 | _aCo863 D542z | ||
| 100 | _aDíaz B. Néstor Gustavo 1943- | ||
| 245 | 0 | _aEl zorro y el olor a jazmín | |
| 260 | _c1996 | ||
| 264 | _aManizales : Imprenta Departamental de Caldas | ||
| 942 |
_2ddc _cBKS |
||
| 999 |
_c12711 _d12711 |
||